000 00372nam a2200157Ia 4500
008 230917s9999||||xx |||||||||||||| ||und||
020 _cRS42.5
040 _e1243
_aMAIN
041 _aEnglish
082 _a595.7 N143I
100 _aNair, M R G K
245 0 _aInsects and mites crops in India
260 _aNew Delhi
_bICAR
_c1986
300 _av, 408 p.
942 _cBK
999 _c59558
_d59558